Menjauhi sifat suami isteri ingkar

Bibliographic Details
Main Author: Thana Abdullah Al Afif
Corporate Author: Title
Format: Book
Published: Kuala Lumpur : Darul Nu'man , 2000
Subjects:

MARC

LEADER 00000cam a2200000 7i4500
001 0000012495
005 20080317.0
008 071219
020 |a 9830460789 
090 0 0 |a 297.1978358   |b THA 
100 0 |a Thana Abdullah Al Afif 
245 1 0 |a Menjauhi sifat suami isteri ingkar   |c Thana Abdullah Al Afif 
260 |a Kuala Lumpur :   |b Darul Nu'man ,   |c 2000 
650 0 |a Islam   |x Custom and practices 
650 0 |a Malay fiction 
650 0 |a Marriage   |x Religions aspects   |x Islam 
650 0 |a Sufism 
710 0 |a Title 
999 |a 0001006453   |b Book   |c Adult Collection   |e Cawangan Pontian 
999 |a 0001006454   |b Book   |c Adult Collection   |e Perbadanan Perpustakaan Awam Johor 
999 |a 0001006455   |b Book   |c Adult Collection   |e Perbadanan Perpustakaan Awam Johor 
999 |a 0001007871   |b Book   |c Adult Collection   |e Cawangan AEON Kulaijaya 
999 |a 0001007872   |b Book   |c Adult Collection   |e Perbadanan Perpustakaan Awam Johor 
999 |a 0001007873   |b Book   |c Adult Collection   |e Cawangan Mersing